Bytový dom

Salvato in:
Dettagli Bibliografici
Autore principale: Madarászová, Gabriela (Autore)
Altri autori: Žilinský, Juraj (Relatore della tesi)
Natura: Manoscritto Libro
Lingua:slovacco
Pubblicazione: 2021
Soggetti:
Accesso online:http://is.stuba.sk/zp/portal_zp.pl?podrobnosti=143389
https://opac.crzp.sk/?fn=detailBiblioForm&sid=C5B0443D08DFEDB2390E0849A386
Tags: Aggiungi Tag
Nessun Tag, puoi essere il primo ad aggiungerne!!

MARC

LEADER 00000ntm a22000003a 4500
001 stuzp84214
003 SK-STU
005 20230515095301.8
007 ta
008 150427s2015----xo-----f-mn---000-0-slo-d
040 |a STU  |b slo 
041 0 |a slo 
100 1 |a Madarászová, Gabriela  |u 010180  |4 aut  |U SvF Stavebná fakulta  |T SvF Katedra konštrukcií pozemných stavieb  |X 92879  |U V180  |Y 18  |7 92879 
242 0 1 |a Flat house  |y eng 
245 1 0 |a Bytový dom 
260 |c 2021 
650 4 |a bytový dom  |2 slo 
650 4 |a stavebný objekt  |2 slo 
650 4 |a garáž  |2 slo 
650 4 |a bytové jednotky  |2 slo 
650 4 |a apartment building  |2 eng 
650 4 |a building object  |2 eng 
650 4 |a garage  |2 eng 
650 4 |a flat units  |2 eng 
700 1 |a Žilinský, Juraj  |u 010180  |k Z1  |4 ths  |U SvF Stavebná fakulta  |T SvF Katedra konštrukcií pozemných stavieb  |X 556  |U V180  |Y 18  |7 A000000556 
856 4 |u http://is.stuba.sk/zp/portal_zp.pl?podrobnosti=143389 
856 4 |u https://opac.crzp.sk/?fn=detailBiblioForm&sid=C5B0443D08DFEDB2390E0849A386